Biblioteca

Las emociones y la doctrina cristiana (Registro nro. 62389)

Detalles MARC
000 -LÍDER
Campo fijo de descripción fija 01775cab a2200289 i 4500
001 - NÚMERO DE CONTROL
Campo de control 768714001
003 - IDENTIFICADOR DEL NÚMERO DE CONTROL
Campo de control CO-MdFUSB
005 - FECHA Y HORA DE LA ULTIMA TRANSACCIÓN
control field 20230112141858.0
008 - ELEMENTOS DE LONGITUD FIJA -- INFORMACIÓN GENERAL
Campo fijo de descripción fija -- Información general 161116s2007 gt ||||| |||| 00| 0 spa d
022 ## - NÚMERO INTERNACIONAL NORMALIZADO PARA PUBLICACIONES SERIADAS
Número Internacional Normalizado para Publicaciones Seriadas 1014-9341
040 ## - FUENTE DE CATALOGACIÓN
Agencia Catalogadora CO-MdFUSB
Idioma de catalogación spa
Agencia que realiza la transcripción CO-MdFUSB
Agencia que realiza la modificación CO-MdFUSB
041 ## - CÓDIGO DE IDIOMA
Código de idioma para texto/pista de sonido o título separado spa
100 1# - ASIENTO PRINCIPAL--NOMBRE PERSONAL
Nombre personal Roberts, Robert C.
Término relacionador autor
245 00 - TÍTULO
Título Las emociones y la doctrina cristiana
Mención de responsabilidad / Robert C. Roberts
300 ## - DESCRIPCIÓN FÍSICA
Extensión Número 41 (Julio - Diciembre, 2007), páginas 113-128
Dimensiones ; 22 cm
520 ## - NOTA DE RESUMEN, ETC.
Nota de sumario, etc. Las emociones son un medio esencial para integrar doctrina en la vida. Entender qué son y cómo se forman puede contribuir a la madurez espiritual. En los últimos 30 años la psicología y la ética han reconocido la relevancia de las emociones. Han brotado propuestas muy diferentes sobre qué son, cada una reflejando los intereses de la disciplina que la hace. Un entendimiento cristiano de las emociones parte de lo que el Nuevo Testamento dice de ellas: son moralmente importantes, pueden ser mandadas y pueden ser formadas por reflexión sobre el evangelio. Las emociones son maneras de percibir cómo situaciones de la vida afectan nuestros intereses. El que no ve cómo el evangelio afecta sus intereses no dará fruto del evangelio. Una de las manifestaciones de la integración emocional del evangelio es el gozo como reacción a la persecución.
650 #0 - ASIENTO SECUNDARIO DE MATERIA - TERMINO TEMÁTICO
9 (RLIN) 19
Término temático o nombre geográfico como elemento de entrada Vida cristiana
653 ## - TÉRMINO DE INDIZACIÓN - NO CONTROLADO
Término no controlado Emoción
653 ## - TÉRMINO DE INDIZACIÓN - NO CONTROLADO
Término no controlado Doctrina
653 ## - TÉRMINO DE INDIZACIÓN - NO CONTROLADO
Término no controlado Psicología cristiana
653 ## - TÉRMINO DE INDIZACIÓN - NO CONTROLADO
Término no controlado Ética
653 ## - TÉRMINO DE INDIZACIÓN - NO CONTROLADO
Término no controlado Espiritualidad
653 ## - TÉRMINO DE INDIZACIÓN - NO CONTROLADO
Término no controlado Virtud
773 0# - ASIENTO DE ITEM FUENTE
Título Kairós
Biblionumber 49489
Itemnumber 61217
Parte(s) relacionada(s) / Volumen., número. (mes año), páginas Número 41 (Julio - Diciembre, 2007), páginas 113-128
Enumeración y primera página Páginas 113
773 0# - ASIENTO DE ITEM FUENTE
Título Kairós
Biblionumber 49489
Itemnumber 61215
Parte(s) relacionada(s) / Volumen., número. (mes año), páginas Número 41 (Julio - Diciembre, 2007),
Enumeración y primera página Páginas 113
942 ## - TIPO DE MATERIAL (KOHA)
Tipo de Item KOHA Artículos de Revista

No hay ítems disponibles.

Biblioteca FUSBC | Teléfono: (57+4) 349 88 10 Ext. 141| WhatsApp (+57) 3005338115 
E-mail: biblioteca@unisbc.edu.co | Calle 76 87-14 Robledo Palenque, Medellín, Colombia

Con tecnología Koha